[Event "Thessaloniki-Chalkidiki-chT B local"]
[Site "Thessaloniki"]
[Date "2019.01.20"]
[Round "2.3"]
[White "Chrysostomidis, Alkiviadis"]
[Black "Hatzidimitriadis, Athanasios"]
[Result "0-1"]
[WhiteElo "1416"]
[BlackElo "1708"]
[PlyCount "76"]
[EventDate "2019.01.13"]
[EventType "team-swiss"]
[EventRounds "9"]
[EventCountry "GRE"]
[SourceTitle "EXT 2020"]
[Source "ChessBase"]
[SourceDate "2019.10.17"]
[SourceVersion "1"]
[SourceVersionDate "2019.10.17"]
[SourceQuality "1"]

1. e4 b6 2. Bc4 e6 3. Nc3 Bb7 4. Bb3 Nf6 5. d3 d5 6. Bg5 Be7 7. Qe2 d4 8. Nb1 Nbd7 9. f4 Nc5 10. Bc4 a6 11. a4 Nxa4 12. Bxe6 fxe6 13. Rxa4 b5 14. Ra1 h6 15. Bxf6 Bxf6 16. Qh5+ Kd7 17. Nf3 Qe8 18. Qc5 Qf8 19. Ne5+ Bxe5 20. Qxe5 Qf6 21. Qc5 Qxf4 22. Qxd4+ Kc6 23. Nd2 Rhf8 24. Ra3 Bc8 25. g3 Qf6 26. e5 Qd8 27. Rc3+ Kb7 28. Qc5 Rf7 29. Ne4 Qd5 30. Qe3 Kb8 31. Rb3 Bb7 32. Ke2 Qxe5 33. c4 Bxe4 34. dxe4 Kb7 35. Ra1 Rd8 36. cxb5 a5 37. Ke1 Rd4 38. Rxa5 Rxe4 0-1

[Event "Thessaloniki Aris op"]
[Site "Thessaloniki"]
[Date "2014.10.25"]
[Round "2.5"]
[White "Ioannidis, Stefanos"]
[Black "Chrysostomidis, Alkiviadis"]
[Result "0-1"]
[WhiteElo "1000"]
[BlackElo "1645"]
[PlyCount "34"]
[EventDate "2014.10.24"]
[EventType "swiss"]
[EventRounds "6"]
[EventCountry "GRE"]
[SourceTitle "EXT 2024"]
[Source "ChessBase"]
[SourceDate "2023.10.10"]
[SourceVersion "1"]
[SourceVersionDate "2023.10.10"]
[SourceQuality "1"]

1. e4 e5 2. Nf3 Nc6 3. Bb5 Nf6 4. Nc3 Bc5 5. d3 d6 6. Bg5 a6 7. Bxc6+ bxc6 8. Bxf6 gxf6 9. Nh4 f5 10. Nxf5 Bxf5 11. exf5 d5 12. Qe2 0-0 13. Qg4+ Kh8 14. Qh5 Rb8 15. Rb1 Bb4 16. 0-0 f6 17. Ne2 Qd7 0-1